| 000 | 00624nam a2200217 a 4500 | ||
|---|---|---|---|
| 001 | 63090 | ||
| 003 | BD-RjUL | ||
| 005 | 20211209081146.0 | ||
| 008 | 170128s1952 fr 000 0 fre d | ||
| 035 | _a(BD-RjUL)63218 | ||
| 040 |
_aDLC _cNcWsW _dBD-RjUL _beng |
||
| 041 | _aeng | ||
| 082 |
_a914.5 _223 _bPED 1952 |
||
| 100 | 1 |
_aPeyrefitte, Roger _9187706 |
|
| 245 | 1 | 0 |
_aDu Vésuve à l'Etna / _cRoger Peyrefitte |
| 260 |
_aParis : _bFlammarion, _c1952. |
||
| 300 |
_a284 p. ; _c19 cm. |
||
| 651 | 0 |
_aItaly, Southern _xDescription and travel. _9187707 |
|
| 651 | 0 |
_aItaly, Southern _xCivilization. _9187708 |
|
| 942 |
_2ddc _cBK |
||
| 999 |
_c63090 _d63090 |
||